000
00267nam a2200121Ia 4500
008
190216s9999||||xx |||||||||||||| ||und||
100
_a
Oja. D.D
245
0
_a
Hindi- Jul Hi Pran
260
_b
Suraj Prakashan
_c
2009
300
_a
115
650
_a
Hindi
942
_c
BK
999
_c
16858
_d
16858